El Fusil y el olivo La cuestión militar en Centroamerica

Gespeichert in:
Bibliographische Detailangaben
1. Verfasser: Aguilera Peralta, Gabriel
Format: Text
Veröffentlicht: San José: FLACSO
Tags: Tag hinzufügen
Keine Tags, Fügen Sie den ersten Tag hinzu!

MARC

LEADER 00000 a a2200000 04500
001 24724
003
040
020 |a 9977-904-92-8  
090 |a 173100  
100 |a Aguilera Peralta, Gabriel  
245 |a El Fusil y el olivo La cuestión militar en Centroamerica  
260 |a San José:   |b FLACSO  
300 |a 163 p   |b **no definido**  
999 |c 13674  |d 13674